书目信息 |
| 题名: |
牵手健康去旅行
|
|
| 作者: | 白春学 主编 | |
| 分册: | ||
| 出版信息: | 上海 上海文化出版社 2013 |
|
| 页数: | 197页 | |
| 开本: | 21cm | |
| 丛书名: | ||
| 单 册: | ||
| 中图分类: | R128 | |
| 科图分类: | ||
| 主题词: | 旅游保健--基本知识 | |
| 电子资源: | ||
| ISBN: | 978-7-5535-0090-4 | |
| 000 | 00917nam0 2200241 450 | |
| 001 | 339135 | |
| 005 | 20150604093521.14 | |
| 010 | @a978-7-5535-0090-4@dCNY20.00 | |
| 100 | @a20130822d2013 em y0chiy50 ea | |
| 101 | 0 | @achi |
| 102 | @aCN@b310000 | |
| 105 | @aa z 000yy | |
| 106 | @ar | |
| 200 | 1 | @a牵手健康去旅行@Aqian shou jian kang qu lv xing@f白春学主编 |
| 210 | @a上海@c上海文化出版社@d2013 | |
| 215 | @a197页@c图@d21cm | |
| 300 | @a上海科普图书创作出版专项资助 | |
| 330 | @a本书从旅游医学的角度, 向读者讲述旅游健康准备, 旅游安全知识, 旅游避险求生技能, 现代救护理念和一些旅游中常见疾病的预防。为了让读者快速获得有关疾病、受伤和急救护理方面的详细资料, 书中向读者提供了快速急救指南, 包括急救须知、心肺复苏、创伤救护和紧急避险等。 | |
| 606 | 0 | @a旅游保健@x基本知识 |
| 690 | @aR128@v5 | |
| 701 | 0 | @a白春学@Abai chun xue@f(1951.4)@4主编 |
| 801 | 0 | @aCN@b卓展宏图@c20150525 |
| 905 | @dR128@e112@f5 | |
| 牵手健康去旅行/白春学主编.-上海:上海文化出版社,2013 |
| 197页:图;21cm |
| 上海科普图书创作出版专项资助 |
| ISBN 978-7-5535-0090-4:CNY20.00 |
| 本书从旅游医学的角度, 向读者讲述旅游健康准备, 旅游安全知识, 旅游避险求生技能, 现代救护理念和一些旅游中常见疾病的预防。为了让读者快速获得有关疾病、受伤和急救护理方面的详细资料, 书中向读者提供了快速急救指南, 包括急救须知、心肺复苏、创伤救护和紧急避险等。 |
| ● |
| 相关链接 |
|
|
|
|
正题名:牵手健康去旅行
索取号:R128/112
 
预约/预借
| 序号 | 登录号 | 条形码 | 馆藏地/架位号 | 状态 | 备注 |
| 1 | 859546 | 208595466 | 第二样本阅览室/ [索取号:R128/112] | 在馆 | |
| 2 | 859547 | 208595475 | 第三借阅区/ [索取号:R128/112] | 在馆 | |
| 3 | 859548 | 208595484 | 第三借阅区/ [索取号:R128/112] | 在馆 | |
| 4 | 859549 | 208595493 | 第三借阅区/ [索取号:R128/112] | 在馆 | |
| 5 | 859550 | 208595509 | 第三借阅区/ [索取号:R128/112] | 在馆 |